00432nam a2200145Ia 4500008004100000020001800041041000800059082001600067100002100083245006800104250000600172260006100178300001200239650003500251210716s2009 xx 000 0 und d a9780070677494 aeng a670.42 DUNN aDunn, William C. aFundamentals of industrial instrumentation and process control. a1 aNew DelhibTata McGraw Hill Publishing Company Ltdc2009 axiv,322 aProduction Tech/Metalworking (